Countries of Europe - Sudden Death - Statistics

General Stats
  • This quiz has been taken 303 times
  • The average score is 15 of 19
Answers on the Grid
Answers color-coded by a green-red scale on the quiz's grid according to % correct below.
Germany
Albania
Andorra
Armenia
Belgium
Cyprus
Egypt
Estonia
Fiji
Finland
France
Georgia
Honduras
Hungary
Ireland
Iceland
Jordan
Kosovo
Kuweït
Lebanon
Liberia
Liechtenstein
Lithuania
Moldova
Mongolia
San Marino
Singapore
Sweden
Ukraine
Vatican
 
Answer Stats
Answer % Correct
Germany
99%
Albania
90%
Andorra
88%
France
87%
Belgium
84%
Estonia
83%
Finland
82%
Iceland
82%
Ireland
77%
Liechtenstein
77%
Sweden
77%
Lithuania
76%
Hungary
75%
San Marino
74%
Ukraine
74%
Kosovo
73%
Vatican
72%
Moldova
71%
Cyprus is politically considered in Europe and is also part of the European Union. Cyprus
63%
No matching quizzes found
Score Distribution
Percent of People with Each Score
Percentile by Number Answered
Your Score History
You have not taken this quiz